Statistics for Every Brian McKnight Song on the Billboard Hot 100

Click here to take the quiz!

General Stats

  • This quiz has been taken 5 times
    (4 since last reset)
  • The average score is 2 of 11

Answer Stats

#YearSong% Correct
21999Back At One
100%
131993One Last Cry
67%
451995Crazy Love
33%
512001Love Of My Life
33%
351999Hold Me ft. Tone & Kobe Bryant
0%
621994I'll Take Her (Ill Al Skratch)
0%
31993Love Is (Vanessa Williams)
0%
731995On The Down Low
0%
762000Stay Or Let It Go
0%
912002Tell Me What's It Gonna Be ft. Jermaine Dupri
0%
171997You Should Be Mine (Don't Waste Your Time) ft. Mase
0%

Score Distribution

Percentile by Number Answered

Percent of People with Each Score

Your Score History

You have not taken this quiz since the last reset